| 000 | 00926nmc a2200325 a 4500 | ||
|---|---|---|---|
| 003 | AR-BaBNM | ||
| 005 | 20251128211746.0 | ||
| 008 | 026020s2006 ||||||||||||||000 | spa|| | ||
| 020 | _a987-538-160-8 | ||
| 040 | _cAR-BaBNM | ||
| 245 | 1 | 0 |
_aEl aprendizaje autorregulado _benseñar a aprender en diferentes entornos educativos |
| 250 | _a1ª ed. | ||
| 260 |
_aBuenos Aires _bNoveduc _c2006 |
||
| 300 | 0 | _a106 p. | |
| 490 | 0 |
_aEnsayos y experiencias _vv. 63 |
|
| 650 | 4 | _aAUTOAPRENDIZAJE | |
| 650 | 4 | _aENSENANZA UNIVERSITARIA | |
| 653 | 0 | _aEDUCACION SECUNDARIA | |
| 653 | 0 | _aESTRATEGIAS DIDACTICAS | |
| 653 | 0 | _aAPRENDER A APRENDER | |
| 653 | 0 | _aEDUCACION VIRTUAL | |
| 700 | 1 |
_aLanz, María Zulma _ecompilador |
|
| 700 | 1 | _aChiecher, Analía | |
| 700 | 1 | _aJacob, Ivonne | |
| 700 | 1 | _aVázquez, Stella Maris | |
| 700 | 1 | _aVázquez, Alicia | |
| 700 | 1 | _aHugo, Diana | |
| 942 | _cBK | ||
| 998 | _cme-solo cat | ||
| 999 |
_c20981 _d20981 |
||